000 00406nam a2200133Ia 4500
008 100328s9999 xx 000 0 und d
082 _b66288
100 _aगोवंडे श्रीकांत.
245 _aरण झुंजार कथा.
260 _bनितीन.
630 _aरण झुंजार कथा.
730 _aरण झुंजार कथा.
942 _cBOOK
999 _c552031
_d552028